00563nam a2200193Ia 4500003000900000008004100009020002200050040001600072080001700088100001600105245009300121260003900214300001400253490002700267650002200294650001900316700001800335700001600353IN-BaIIA211028s9999 xx 000 0 eng d a978-0-486-68754-4 cIIA Library a530.145bMAR aMarch, N. H 4aThe many body problem in quantum mechanicscby N.H. March, W.H. Young and S. Sampanthar. aNew YorkbDover Publicationsc1995 aix, 459p. aDover books on physics aMany body problem aQuantum theory aSampanthar, S aYoung, W. H